[Event "SVK-ch Open 2018"]
[Site "Banska Stiavnica"]
[Date "2018.07.12"]
[Round "6"]
[White "Urhegyi, Marton"]
[Black "Bombek, Peter"]
[Result "1-0"]
[WhiteElo "2303"]
[BlackElo "2201"]
[Annotator "NA"]
[PlyCount "73"]
[EventDate "2018.07.07"]
[EventType "swiss"]
[EventCountry "SVK"]
[SourceTitle "playchess.com"]
[Source "ChessBase"]
[SourceQuality "1"]
[TimeControl "40/5400+30:1800+30"]

1. e4 {[%emt 0:00:00]} e6 {[%emt 0:00:00]} 2. d4 {[%emt 0:00:00]} d5 {[%emt 0:00:00]} 3. Nd2 {[%emt 0:00:00]} Be7 {[%emt 0:00:00]} 4. Bd3 {[%emt 0:00:00]} c5 $11 {[%emt 0:00:13]} 5. dxc5 {[%emt 0:00:24]} Nf6 {[%emt 0:00:13]} 6. Qe2 {[%emt 0:00:32]} O-O {[%emt 0:01:11]} 7. Ngf3 {[%emt 0:00:53]} a5 {[%emt 0:00:11]} 8. O-O {[%emt 0:01:16]} Na6 {[%emt 0:00:16]} 9. e5 {[%emt 0:01:40]} Nd7 {[%emt 0:00:41]} 10. c3 {[%emt 0:01:33]} Naxc5 {[%emt 0:01:24]} 11. Bc2 {[%emt 0:01:25]} b6 {[%emt 0:00:56]} 12. Re1 {[%emt 0:04:03]} Bb7 {[%emt 0:07:38]} 13. Nb3 {[%emt 0:03:44]} Re8 {[%emt 0:06:13]} 14. Nfd4 {[%emt 0:05:21]} Nf8 {[%emt 0:04:47]} 15. f4 {[%emt 0:05:02]} a4 {[%emt 0:04:04]} 16. Nd2 {[%emt 0:08:15]} f5 {[%emt 0:04:52]} 17. exf6 {[%emt 0:06:53]} Bxf6 {[%emt 0:01:09]} 18. N2f3 {[%emt 0:02:00]} a3 {[%emt 0:09:11]} 19. b3 {[%emt 0:11:45]} Ne4 {[%emt 0:01:48]} 20. Qe3 {[%emt 0:04:59]} Qc7 {[%emt 0:08:09]} 21. Bd2 {[%emt 0:06:23]} Nxd2 {[%emt 0:03:33]} 22. Qxd2 {[%emt 0:01:36]} Rac8 {[%emt 0:06:10]} 23. Rac1 {[%emt 0:01:06]} g6 {[%emt 0:05:26]} 24. Bd3 {[%emt 0:02:56]} Bc6 {[%emt 0:04:05]} 25. Ne5 {[%emt 0:01:57]} Bxe5 {[%emt 0:00:57]} 26. fxe5 {[%emt 0:02:03]} Nd7 {[%emt 0:00:50]} 27. Qg5 {[%emt 0:11:45]} Nc5 {[%emt 0:02:48]} 28. Bxg6 {[%emt 0:04:04]} Qg7 {[%emt 0:00:26]} 29. Nxc6 {[%emt 0:01:32]} hxg6 {[%emt 0:08:10]} 30. Nd4 {[%emt 0:05:29]} Ne4 {[%emt 0:02:51]} 31. Rxe4 {[%emt 0:01:24]} dxe4 {[%emt 0:00:10]} 32. Rf1 {[%emt 0:00:39]} Rf8 {[%emt 0:01:09]} 33. Rxf8+ {[%emt 0:01:52]} Rxf8 {[%emt 0:04:37]} 34. Nxe6 {[%emt 0:00:36]} e3 {[%emt 0:04:09]} 35. Nxg7 {[%emt 0:01:16]} e2 {[%emt 0:00:09]} 36. Qc1 {[%emt 0:00:12]} Kxg7 {[%emt 0:01:20]} 37. Qe1 {[%emt 0:00:18]} 1-0

[Event "SVK-ch Open 2018"]
[Site "Banska Stiavnica"]
[Date "2018.07.12"]
[Round "6"]
[White "Kantorik, Marian"]
[Black "Balogh, Peter"]
[Result "1/2-1/2"]
[WhiteElo "2260"]
[BlackElo "2097"]
[Annotator "NA"]
[PlyCount "62"]
[EventDate "2018.07.07"]
[EventType "swiss"]
[EventCountry "SVK"]
[SourceTitle "playchess.com"]
[Source "ChessBase"]
[SourceQuality "1"]
[TimeControl "40/5400+30:1800+30"]

1. Nf3 {[%emt 0:01:19]} c5 {[%emt 0:00:45]} 2. c4 {[%emt 0:00:09]} Nf6 {[%emt 0:00:13]} 3. Nc3 {[%emt 0:00:35]} Nc6 {[%emt 0:00:50]} 4. g3 {[%emt 0:00:33]} g6 {[%emt 0:00:08]} 5. Bg2 {[%emt 0:00:06]} Bg7 {[%emt 0:00:04]} 6. O-O {[%emt 0:00:08]} O-O {[%emt 0:00:03]} 7. d4 {[%emt 0:00:38]} cxd4 {[%emt 0:00:54]} 8. Nxd4 {[%emt 0:01:37]} Nxd4 {[%emt 0:01:07]} 9. Qxd4 {[%emt 0:00:47]} d6 {[%emt 0:00:08]} 10. Qd3 {[%emt 0:03:23]} Rb8 $14 {[%emt 0:01:11] LiveBook: 82 Games} 11. b3 {[%emt 0:06:09]} Qa5 {[%emt 0:08:22]} 12. Bd2 {[%emt 0:07:51]} Qh5 {[%emt 0:02:17]} 13. f3 {[%emt 0:05:35]} a6 {[%emt 0:08:08]} 14. Rac1 {[%emt 0:01:00]} Bh3 {[%emt 0:10:57]} 15. Nd5 {[%emt 0:08:03]} Nxd5 {[%emt 0:01:24]} 16. Qxd5 {[%emt 0:01:27]} Qxd5 {[%emt 0:00:36]} 17. cxd5 {[%emt 0:00:07]} Bxg2 {[%emt 0:00:11]} 18. Kxg2 {[%emt 0:00:04]} Rfc8 {[%emt 0:00:32]} 19. Rxc8+ {[%emt 0:01:23]} Rxc8 {[%emt 0:01:16]} 20. Rc1 {[%emt 0:00:06]} Rxc1 {[%emt 0:00:25]} 21. Bxc1 {[%emt 0:00:05]} Kf8 {[%emt 0:02:00]} 22. e4 {[%emt 0:12:12]} Ke8 {[%emt 0:01:32]} 23. Be3 {[%emt 0:00:36]} Kd7 {[%emt 0:03:49]} 24. Kf2 {[%emt 0:01:29]} Be5 {[%emt 0:06:40]} 25. Ke2 {[%emt 0:02:41]} e6 {[%emt 0:02:38]} 26. f4 {[%emt 0:05:09]} Bg7 {[%emt 0:01:26]} 27. g4 {[%emt 0:03:37]} exd5 {[%emt 0:02:55]} 28. exd5 {[%emt 0:00:17]} f5 {[%emt 0:00:50]} 29. Kf3 {[%emt 0:05:51]} Bf6 {[%emt 0:01:47]} 30. h3 {[%emt 0:00:50]} Kc7 {[%emt 0:01:55]} 31. Bf2 {[%emt 0:01:22]} h5 {[%emt 0:04:47] Ke4} 1/2-1/2

[Event "SVK-ch Open 2018"]
[Site "Banska Stiavnica"]
[Date "2018.07.12"]
[Round "6"]
[White "Franzen, Jozef"]
[Black "Lukac, Roman"]
[Result "1-0"]
[WhiteElo "2256"]
[BlackElo "2089"]
[Annotator "NA"]
[PlyCount "82"]
[EventDate "2018.07.07"]
[EventType "swiss"]
[EventCountry "SVK"]
[SourceTitle "playchess.com"]
[Source "ChessBase"]
[SourceQuality "1"]
[TimeControl "40/5400+30:1800+30"]

1. Nf3 {[%emt 0:00:00]} Nf6 {[%emt 0:00:00]} 2. g3 {[%emt 0:00:00]} c5 {[%emt 0:00:22]} 3. Bg2 {[%emt 0:00:00]} Nc6 {[%emt 0:00:29]} 4. O-O {[%emt 0:00:00]} e5 {[%emt 0:01:01]} 5. d3 {[%emt 0:03:14]} d5 {[%emt 0:00:45]} 6. Nbd2 {[%emt 0:00:18]} Be7 {[%emt 0:07:59]} 7. e4 {[%emt 0:00:23]} dxe4 {[%emt 0:00:39]} 8. dxe4 {[%emt 0:00:06]} O-O {[%emt 0:01:22]} 9. c3 {[%emt 0:00:35]} h6 {[%emt 0:01:43]} 10. Qe2 {[%emt 0:02:46]} Be6 {[%emt 0:01:25]} 11. Nc4 {[%emt 0:01:07]} Qc7 {[%emt 0:00:47]} 12. Nh4 {[%emt 0:01:06]} Rfd8 {[%emt 0:06:46]} 13. Nf5 {[%emt 0:01:42]} Bf8 {[%emt 0:05:37]} 14. f4 {[%emt 0:04:58]} Kh7 {[%emt 0:10:39]} 15. fxe5 {[%emt 0:07:06]} Nd7 {[%emt 0:00:31]} 16. Nce3 {[%emt 0:03:25]} Ncxe5 {[%emt 0:14:52]} 17. Nd5 {[%emt 0:01:33]} Qa5 {[%emt 0:02:18]} 18. Bf4 {[%emt 0:10:45]} g6 {[%emt 0:09:09]} 19. Nfe3 {[%emt 0:01:55]} Rac8 {[%emt 0:08:49]} 20. h4 {[%emt 0:08:24]} c4 {[%emt 0:12:35]} 21. Kh2 Bg7 {[%emt 0:01:16]} 22. Bh3 {[%emt 0:07:12]} Re8 {[%emt 0:02:17]} 23. h5 {[%emt 0:03:10]} Bxh3 {[%emt 0:02:53]} 24. hxg6+ {[%emt 0:01:39]} fxg6 {[%emt 0:00:02]} 25. Kxh3 {[%emt 0:00:18]} Qa6 {[%emt 0:00:21]} 26. Bxe5 {[%emt 0:06:55]} Rxe5 {[%emt 0:01:45]} 27. Qg4 {[%emt 0:02:13]} Rd8 {[%emt 0:02:07]} 28. Rf7 {[%emt 0:02:44]} h5 {[%emt 0:01:30]} 29. Qf3 {[%emt 0:00:37]} Rf8 {[%emt 0:02:21]} 30. Rxf8 {[%emt 0:01:52]} Nxf8 {[%emt 0:00:11]} 31. Kg2 {[%emt 0:02:55]} Qe6 {[%emt 0:00:42]} 32. Nf4 {[%emt 0:00:56]} Qc6 {[%emt 0:00:55]} 33. Ned5 {[%emt 0:01:06]} Ne6 {[%emt 0:00:19]} 34. Nxg6 {[%emt 0:01:43]} Rg5 {[%emt 0:01:41]} 35. Nge7 {[%emt 0:03:25]} Qd6 {[%emt 0:00:37]} 36. Nf5 {[%emt 0:01:09]} Qe5 {[%emt 0:00:01]} 37. Rh1 {[%emt 0:00:30]} Kg6 {[%emt 0:00:29]} 38. Rh4 {[%emt 0:04:27]} Bf8 {[%emt 0:00:30]} 39. Kh3 {[%emt 0:08:15]} Bc5 {[%emt 0:00:56]} 40. Nf4+ {[%emt 0:01:46]} Kf7 {[%emt 0:00:40]} 41. Rxh5 {[%emt 0:34:26]} Rxf5 1-0

[Event "SVK-ch Open 2018"]
[Site "Banska Stiavnica"]
[Date "2018.07.12"]
[Round "6"]
[White "Sarkozy, Ladislav"]
[Black "Brhel, Jan"]
[Result "1/2-1/2"]
[WhiteElo "2247"]
[BlackElo "2070"]
[Annotator "NA"]
[PlyCount "31"]
[EventDate "2018.07.07"]
[EventType "swiss"]
[EventCountry "SVK"]
[SourceTitle "playchess.com"]
[Source "ChessBase"]
[SourceQuality "1"]
[TimeControl "40/5400+30:1800+30"]

1. d4 {[%emt 0:00:00]} d5 {[%emt 0:01:08]} 2. c4 {[%emt 0:00:00]} dxc4 {[%emt 0:01:55]} 3. Nf3 {[%emt 0:00:17]} e6 {[%emt 0:01:12]} 4. e3 {[%emt 0:00:13]} a6 {[%emt 0:01:24]} 5. Bxc4 {[%emt 0:01:29]} b5 {[%emt 0:04:40]} 6. Bb3 {[%emt 0:00:28]} Bb7 {[%emt 0:01:09]} 7. O-O {[%emt 0:00:34]} c5 {[%emt 0:00:38]} 8. Qe2 {[%emt 0:01:05]} Nc6 {[%emt 0:01:13]} 9. Rd1 {[%emt 0:01:13]} cxd4 {[%emt 0:00:54]} 10. exd4 {[%emt 0:00:28]} Nce7 {[%emt 0:13:43]} 11. d5 {[%emt 0:06:48]} Nxd5 {[%emt 0:02:03]} 12. Nc3 {[%emt 0:00:28]} Be7 {[%emt 0:00:16]} 13. Nxd5 {[%emt 0:07:40]} Bxd5 {[%emt 0:00:20]} 14. Bxd5 {[%emt 0:00:08]} exd5 {[%emt 0:00:13]} 15. Bg5 {[%emt 0:00:17]} Kf8 {[%emt 0:00:37]} 16. Bf4 1/2-1/2

[Event "SVK-ch Open 2018"]
[Site "Banska Stiavnica"]
[Date "2018.07.12"]
[Round "6"]
[White "Molnar, Erno"]
[Black "Druska, Juraj"]
[Result "1/2-1/2"]
[WhiteElo "2231"]
[BlackElo "2439"]
[Annotator "NA RC"]
[PlyCount "80"]
[EventDate "2018.07.07"]
[EventType "swiss"]
[EventCountry "SVK"]
[SourceTitle "playchess.com"]
[Source "ChessBase"]
[SourceQuality "1"]
[TimeControl "40/5400+30:1800+30"]

1. e4 {[%emt 0:00:10]} e5 {[%emt 0:03:34]} 2. Nf3 {[%emt 0:00:07]} Nc6 {[%emt 0:00:08]} 3. Bb5 {[%emt 0:00:12]} a6 {[%emt 0:00:06]} 4. Ba4 {[%emt 0:00:09]} Nf6 {[%emt 0:00:04]} 5. Qe2 {[%emt 0:00:19]} b5 {[%emt 0:04:28]} 6. Bb3 {[%emt 0:00:27]} Bc5 {[%emt 0:01:16]} 7. c3 {[%emt 0:00:44]} O-O {[%emt 0:01:48]} 8. O-O {[%emt 0:00:37]} d6 {[%emt 0:10:51]} 9. d3 {[%emt 0:02:19]} h6 {[%emt 0:10:11]} 10. h3 {[%emt 0:09:08]} Be6 {[%emt 0:05:51]} 11. Re1 {[%emt 0:05:52]} Re8 {[%emt 0:12:26]} 12. Nbd2 {[%emt 0:04:10]} Bb6 {[%emt 0:06:04]} 13. Bxe6 {[%emt 0:08:31]} Rxe6 {[%emt 0:04:46]} 14. Nf1 {[%emt 0:01:38]} d5 {[%emt 0:02:45]} 15. Ng3 {[%emt 0:03:17]} Qd7 {[%emt 0:03:23]} 16. Be3 {[%emt 0:07:21]} d4 {[%emt 0:12:43]} 17. cxd4 {[%emt 0:00:55]} Nxd4 {[%emt 0:01:01]} 18. Nxd4 {[%emt 0:01:01]} exd4 {[%emt 0:01:16]} 19. Bd2 c5 {[%emt 0:05:36]} 20. b3 {[%emt 0:10:47]} Rae8 {[%emt 0:02:24]} 21. Rac1 {[%emt 0:02:45]} Qd8 {[%emt 0:03:14]} 22. f4 {[%emt 0:05:46]} c4 {[%emt 0:03:37]} 23. bxc4 {[%emt 0:07:45]} bxc4 {[%emt 0:00:01]} 24. Rxc4 {[%emt 0:01:16]} Nxe4 {[%emt 0:00:16]} 25. Nxe4 Rxe4 {[%emt 0:00:11]} 26. Qxe4 {[%emt 0:02:58]} Rxe4 {[%emt 0:00:13]} 27. Rxe4 {[%emt 0:00:23]} Qd6 {[%emt 0:01:19]} 28. Bb4 {[%emt 0:11:02]} Qd7 29. Bc5 {[%emt 0:02:32]} Bxc5 {[%emt 0:00:59]} 30. Rxc5 {[%emt 0:00:06]} Qa4 {[%emt 0:00:18]} 31. Rc4 {[%emt 0:01:36]} Qxa2 {[%emt 0:00:08]} 32. Rexd4 {[%emt 0:00:18]} h5 {[%emt 0:01:11]} 33. Ra4 Qd2 34. Rd8+ {[%emt 0:10:32]} Kh7 {[%emt 0:00:31]} 35. Rdd4 {[%emt 0:00:38]} f5 {[%emt 0:02:24]} 36. Kh2 {[%emt 0:00:47]} Qf2 {[%emt 0:00:29]} 37. Rac4 {[%emt 0:00:20]} h4 {[%emt 0:00:18]} 38. Ra4 {[%emt 0:00:12]} Qg3+ {[%emt 0:01:58]} 39. Kg1 {[%emt 0:00:08]} Qe1+ {[%emt 0:00:32]} 40. Kh2 {[%emt 0:00:02]} Qg3+ {[%emt 0:00:13]} 1/2-1/2

[Event "SVK-ch Open 2018"]
[Site "Banska Stiavnica"]
[Date "2018.07.12"]
[Round "6"]
[White "Sikora, Jan"]
[Black "Gajdosik, Andrej"]
[Result "1/2-1/2"]
[WhiteElo "2209"]
[BlackElo "1992"]
[Annotator "NA"]
[PlyCount "53"]
[EventDate "2018.07.07"]
[EventType "swiss"]
[EventCountry "SVK"]
[SourceTitle "playchess.com"]
[Source "ChessBase"]
[SourceQuality "1"]
[TimeControl "40/5400+30:1800+30"]

1. d4 {[%emt 0:00:00]} d6 {[%emt 0:00:25]} 2. e4 {[%emt 0:01:31]} Nf6 {[%emt 0:00:11]} 3. Nc3 {[%emt 0:00:04]} g6 {[%emt 0:00:35]} 4. Bg5 {[%emt 0:01:16]} Bg7 {[%emt 0:00:18]} 5. Qd2 {[%emt 0:00:43]} O-O {[%emt 0:06:03]} 6. Bh6 {[%emt 0:02:41]} e5 {[%emt 0:00:40]} 7. d5 {[%emt 0:01:54]} Nbd7 {[%emt 0:02:59]} 8. h4 {[%emt 0:02:24]} Nc5 {[%emt 0:09:09]} 9. f3 {[%emt 0:07:06]} a5 {[%emt 0:08:57]} 10. h5 {[%emt 0:08:57]} Qe7 {[%emt 0:05:51]} 11. Nge2 {[%emt 0:14:18]} Ne8 {[%emt 0:06:11]} 12. Bxg7 {[%emt 0:01:38]} Kxg7 {[%emt 0:02:12]} 13. g4 {[%emt 0:07:06]} g5 {[%emt 0:05:44]} 14. h6+ {[%emt 0:01:06]} Kh8 {[%emt 0:00:09]} 15. Ng3 {[%emt 0:00:25]} Rg8 {[%emt 0:00:53]} 16. Bb5 {[%emt 0:00:56]} Rg6 {[%emt 0:03:53]} 17. Bxe8 {[%emt 0:08:12]} Qxe8 {[%emt 0:00:23]} 18. Rh5 {[%emt 0:00:06]} f6 {[%emt 0:01:31]} 19. O-O-O {[%emt 0:00:14]} Bd7 {[%emt 0:01:12]} 20. Rdh1 {[%emt 0:00:11]} b5 {[%emt 0:04:43]} 21. R5h2 {[%emt 0:00:57]} Rg8 {[%emt 0:02:08]} 22. Nh5 {[%emt 0:00:36]} Rf8 {[%emt 0:00:20]} 23. Ne2 {[%emt 0:00:38]} b4 {[%emt 0:02:37]} 24. Neg3 {[%emt 0:00:14]} Qf7 {[%emt 0:03:46]} 25. Kb1 {[%emt 0:02:17]} Rfb8 {[%emt 0:03:25]} 26. Nf5 {[%emt 0:06:57]} a4 {[%emt 0:02:16]} 27. Rc1 {[%emt 0:08:24]} 1/2-1/2

[Event "SVK-ch Open 2018"]
[Site "Banska Stiavnica"]
[Date "2018.07.12"]
[Round "6"]
[White "Kanakova, Natalie"]
[Black "Szeberenyi, Adam"]
[Result "1/2-1/2"]
[WhiteElo "2206"]
[BlackElo "2372"]
[Annotator "NA"]
[PlyCount "98"]
[EventDate "2018.07.07"]
[EventType "swiss"]
[EventCountry "SVK"]
[SourceTitle "playchess.com"]
[Source "ChessBase"]
[SourceQuality "1"]
[TimeControl "40/5400+30:1800+30"]

1. c4 {[%emt 0:00:00]} c5 {[%emt 0:03:18]} 2. Nc3 {[%emt 0:00:00]} Nc6 {[%emt 0:00:10]} 3. g3 {[%emt 0:00:20]} g6 {[%emt 0:00:56]} 4. Bg2 {[%emt 0:00:33]} Bg7 {[%emt 0:00:04]} 5. a3 {[%emt 0:03:03]} Nf6 {[%emt 0:05:10]} 6. e4 {[%emt 0:03:32]} O-O {[%emt 0:00:51]} 7. Nge2 {[%emt 0:00:13]} Ne8 {[%emt 0:03:37]} 8. Rb1 {[%emt 0:02:11]} Nc7 {[%emt 0:02:44]} 9. b4 {[%emt 0:01:35]} d6 {[%emt 0:01:03]} 10. O-O {[%emt 0:08:07]} Ne6 {[%emt 0:00:52]} 11. d3 {[%emt 0:01:07]} Ncd4 {[%emt 0:08:14]} 12. f4 {[%emt 0:10:38]} Nxe2+ {[%emt 0:03:24]} 13. Nxe2 {[%emt 0:00:15]} Nd4 {[%emt 0:00:38]} 14. Nxd4 {[%emt 0:01:06]} Bxd4+ {[%emt 0:00:13]} 15. Kh1 {[%emt 0:00:04]} Rb8 {[%emt 0:15:41]} 16. f5 {[%emt 0:04:49]} Bd7 {[%emt 0:04:18]} 17. Bh6 {[%emt 0:03:12]} Bg7 {[%emt 0:06:08]} 18. Bxg7 {[%emt 0:01:33]} Kxg7 {[%emt 0:00:03]} 19. d4 {[%emt 0:01:08]} cxd4 {[%emt 0:04:29]} 20. Qxd4+ {[%emt 0:03:10]} f6 {[%emt 0:00:29]} 21. c5 {[%emt 0:03:55]} dxc5 {[%emt 0:02:24]} 22. Qxc5 {[%emt 0:00:13]} b6 {[%emt 0:00:11]} 23. Qe3 {[%emt 0:00:33]} Ba4 {[%emt 0:06:55]} 24. fxg6 {[%emt 0:12:13]} hxg6 {[%emt 0:00:11]} 25. e5 {[%emt 0:00:12]} Rc8 {[%emt 0:00:58]} 26. Rf4 {[%emt 0:06:19]} Bc6 {[%emt 0:06:38]} 27. Bxc6 {[%emt 0:07:50]} Rxc6 {[%emt 0:00:06]} 28. Rd4 {[%emt 0:00:17]} Qa8 {[%emt 0:08:38]} 29. Qe4 {[%emt 0:08:43]} f5 {[%emt 0:00:27]} 30. Qg2 {[%emt 0:01:32]} Rfc8 {[%emt 0:00:45]} 31. Rbd1 {[%emt 0:01:23]} Qb8 {[%emt 0:02:11]} 32. Qd5 {[%emt 0:03:14]} Qc7 {[%emt 0:02:10]} 33. e6 {[%emt 0:02:22]} Kf6 {[%emt 0:01:31]} 34. g4 {[%emt 0:06:03]} Rc2 {[%emt 0:02:07]} 35. R4d2 {[%emt 0:03:16]} Rxd2 {[%emt 0:01:10]} 36. Qxd2 {[%emt 0:00:36]} Qc6+ {[%emt 0:00:47]} 37. Kg1 {[%emt 0:00:14]} Qxe6 {[%emt 0:00:18]} 38. gxf5 {[%emt 0:01:37]} gxf5 {[%emt 0:05:08]} 39. Qh6+ {[%emt 0:00:15]} Kf7 {[%emt 0:00:06]} 40. Qh7+ {[%emt 0:00:05]} Kf8 {[%emt 0:01:03]} 41. Rf1 {[%emt 0:08:57]} Qe3+ {[%emt 0:11:48]} 42. Kh1 {[%emt 0:00:05]} Qe4+ {[%emt 0:00:13]} 43. Kg1 {[%emt 0:00:06]} Qd4+ {[%emt 0:00:47]} 44. Kh1 {[%emt 0:00:10]} e6 {[%emt 0:01:53]} 45. Rxf5+ {[%emt 0:00:51]} exf5 {[%emt 0:00:06]} 46. Qxf5+ {[%emt 0:00:03]} Ke7 {[%emt 0:01:00]} 47. Qxc8 {[%emt 0:00:05]} Qa1+ {[%emt 0:00:04]} 48. Kg2 {[%emt 0:00:05]} Qa2+ {[%emt 0:00:02]} 49. Kg1 {[%emt 0:00:25]} Qa1+ {[%emt 0:00:04]} 1/2-1/2

[Event "SVK-ch Open 2018"]
[Site "Banska Stiavnica"]
[Date "2018.07.12"]
[Round "6"]
[White "Mrvova, Alena"]
[Black "Bojda, Lubomir"]
[Result "1-0"]
[WhiteElo "2202"]
[BlackElo "2064"]
[Annotator "NA"]
[PlyCount "87"]
[EventDate "2018.07.07"]
[EventType "swiss"]
[EventCountry "SVK"]
[SourceTitle "playchess.com"]
[Source "ChessBase"]
[SourceQuality "1"]
[TimeControl "40/5400+30:1800+30"]

1. e4 {[%emt 0:00:00]} c5 {[%emt 0:04:11]} 2. g3 {[%emt 0:00:42]} Nc6 {[%emt 0:02:23]} 3. Bg2 {[%emt 0:00:45]} g6 {[%emt 0:00:44]} 4. Ne2 {[%emt 0:00:53]} Bg7 {[%emt 0:00:48]} 5. O-O {[%emt 0:00:15]} e6 {[%emt 0:01:12]} 6. d3 {[%emt 0:01:04]} Nge7 {[%emt 0:01:29]} 7. c3 {[%emt 0:00:46]} O-O {[%emt 0:09:26]} 8. Na3 {[%emt 0:04:56]} d5 {[%emt 0:06:31]} 9. exd5 {[%emt 0:00:34]} Nxd5 {[%emt 0:01:34]} 10. Nc4 {[%emt 0:06:17]} e5 {[%emt 0:06:52]} 11. Ne3 {[%emt 0:03:02]} Be6 {[%emt 0:03:09]} 12. Qc2 {[%emt 0:08:12]} Rc8 {[%emt 0:02:41]} 13. f4 {[%emt 0:05:28]} exf4 {[%emt 0:14:43]} 14. Nxf4 {[%emt 0:05:58]} Nxf4 {[%emt 0:02:05]} 15. gxf4 {[%emt 0:03:58]} f5 {[%emt 0:03:57]} 16. Nc4 {[%emt 0:02:47]} Bd5 {[%emt 0:02:24]} 17. Rd1 {[%emt 0:02:25]} Bxg2 {[%emt 0:04:37]} 18. Qxg2 {[%emt 0:00:10]} Re8 {[%emt 0:01:51]} 19. Qf3 {[%emt 0:01:28]} b5 {[%emt 0:03:28]} 20. Ne3 {[%emt 0:02:28]} Kh8 {[%emt 0:04:00]} 21. Ng2 {[%emt 0:03:12]} b4 {[%emt 0:04:39]} 22. Bd2 {[%emt 0:00:17]} a5 {[%emt 0:00:22]} 23. Rac1 {[%emt 0:00:50]} Qd6 {[%emt 0:02:12]} 24. Be3 {[%emt 0:01:54]} Ne7 {[%emt 0:02:30]} 25. Bf2 {[%emt 0:04:36]} bxc3 {[%emt 0:04:42]} 26. bxc3 {[%emt 0:00:06]} Nd5 {[%emt 0:00:32]} 27. Be1 {[%emt 0:02:27]} a4 {[%emt 0:01:56]} 28. a3 {[%emt 0:00:59]} Rb8 {[%emt 0:01:18]} 29. c4 {[%emt 0:02:28]} Bd4+ {[%emt 0:00:08]} 30. Bf2 {[%emt 0:01:26]} Nc3 {[%emt 0:01:06]} 31. Re1 {[%emt 0:06:06]} Rxe1+ {[%emt 0:02:11]} 32. Rxe1 {[%emt 0:02:11]} Rb2 {[%emt 0:00:36]} 33. Be3 {[%emt 0:04:15]} Kg7 {[%emt 0:01:15]} 34. Kf1 {[%emt 0:00:41]} Bf6 {[%emt 0:01:18]} 35. Bc1 {[%emt 0:01:45]} Rc2 {[%emt 0:00:31]} 36. Kg1 {[%emt 0:02:22]} h5 {[%emt 0:01:04]} 37. Kh1 {[%emt 0:00:32]} Kh6 {[%emt 0:01:16]} 38. Ne3 {[%emt 0:02:12]} Qxd3 {[%emt 0:00:43]} 39. Ng4+ {[%emt 0:00:05]} hxg4 {[%emt 0:00:55]} 40. Qxd3 {[%emt 0:00:04]} Rf2 {[%emt 0:00:32]} 41. Qd6 {[%emt 0:33:18]} Bd4 {[%emt 0:02:18]} 42. Qf8+ {[%emt 0:00:00]} Bg7 {[%emt 0:00:38]} 43. Qxc5 {[%emt 0:00:00]} Rc2 {[%emt 0:01:23]} 44. Qe7 {[%emt 0:00:00]} 1-0

[Event "SVK-ch Open 2018"]
[Site "Banska Stiavnica"]
[Date "2018.07.12"]
[Round "6"]
[White "Jamrich, Gyorgy"]
[Black "Budinsky, Martin"]
[Result "1-0"]
[WhiteElo "2200"]
[BlackElo "1985"]
[Annotator "NA"]
[PlyCount "75"]
[EventDate "2018.07.07"]
[EventType "swiss"]
[EventCountry "SVK"]
[SourceTitle "playchess.com"]
[Source "ChessBase"]
[SourceQuality "1"]
[TimeControl "40/5400+30:1800+30"]

1. c4 {[%emt 0:00:00]} e5 {[%emt 0:00:00]} 2. Nc3 {[%emt 0:00:00]} Nc6 {[%emt 0:00:00]} 3. g3 {[%emt 0:00:00]} g6 {[%emt 0:00:00]} 4. Bg2 {[%emt 0:00:00]} Bg7 {[%emt 0:00:00]} 5. e3 {[%emt 0:01:01]} d6 {[%emt 0:00:28]} 6. Nge2 {[%emt 0:00:37]} Be6 {[%emt 0:00:47]} 7. Nd5 {[%emt 0:03:07]} Qd7 {[%emt 0:05:45]} 8. Qa4 {[%emt 0:00:59]} h5 {[%emt 0:07:31]} 9. h4 {[%emt 0:00:59]} Nh6 {[%emt 0:02:23]} 10. e4 {[%emt 0:01:52]} f5 {[%emt 0:05:41]} 11. d3 {[%emt 0:00:54]} O-O {[%emt 0:01:41]} 12. Bg5 {[%emt 0:02:14]} Kh7 {[%emt 0:04:57]} 13. f3 {[%emt 0:04:55]} Qf7 {[%emt 0:04:08]} 14. O-O-O {[%emt 0:03:00]} Bxd5 {[%emt 0:03:34]} 15. cxd5 {[%emt 0:00:24]} Nd4 {[%emt 0:00:37]} 16. Nxd4 {[%emt 0:00:44]} exd4 {[%emt 0:00:09]} 17. Kb1 {[%emt 0:00:34]} Rfb8 {[%emt 0:09:17]} 18. Rc1 {[%emt 0:01:16]} fxe4 {[%emt 0:12:33]} 19. dxe4 {[%emt 0:01:11]} b5 {[%emt 0:04:52]} 20. Qc2 {[%emt 0:06:19]} Rb7 {[%emt 0:06:43]} 21. Qd3 {[%emt 0:02:43]} Qe8 {[%emt 0:04:13]} 22. Bxh6 {[%emt 0:01:23]} Kxh6 {[%emt 0:01:21]} 23. f4 {[%emt 0:03:36]} Rc8 {[%emt 0:02:43]} 24. Bh3 {[%emt 0:04:39]} Rcb8 {[%emt 0:00:33]} 25. g4 {[%emt 0:00:56]} Qf7 {[%emt 0:05:40]} 26. Rcf1 {[%emt 0:00:30]} c5 {[%emt 0:00:44]} 27. dxc6 {[%emt 0:00:06]} Rc7 {[%emt 0:00:39]} 28. g5+ {[%emt 0:01:53]} Kh7 {[%emt 0:00:07]} 29. Bd7 {[%emt 0:00:04]} Qc4 {[%emt 0:00:54]} 30. Rh3 {[%emt 0:00:46]} Rb6 {[%emt 0:02:57]} 31. f5 {[%emt 0:01:00]} Ra6 {[%emt 0:02:25]} 32. b3 {[%emt 0:00:08]} Qb4 {[%emt 0:01:41]} 33. fxg6+ {[%emt 0:00:50]} Kh8 {[%emt 0:00:11]} 34. Rhf3 {[%emt 0:01:02]} Raxc6 {[%emt 0:00:41]} 35. Bxc6 {[%emt 0:00:13]} Rxc6 {[%emt 0:00:02]} 36. Rc1 {[%emt 0:03:42]} Rc3 {[%emt 0:03:01]} 37. Rxc3 {[%emt 0:00:32]} dxc3 {[%emt 0:00:14]} 38. Qd5 {[%emt 0:01:03]} 1-0